000 00698nam a2200229Ii 4500
003 JO-AjNU
005 20240710113026.0
008 230605s9999||||xx |||||||||||||| ||und||
040 _aJO-AjNU
_bara
_erda
_cJO-AjNU
041 _aara
050 1 4 _aK155.A7.A937 2012
100 3 _aتاليف العزام، سهيل محمد,
_eauthor
_950445
245 0 0 _aالوجيز في أهم المدونات القانونية
250 _aط1
264 3 1 _aد.م: د.ن، 2012
300 _a161ص
336 _atext
_btxt
_2rdacontent
337 _aunmediated
_bn
_2rdamedia
338 _avolume
_bnc
_2rdacarrier
650 4 _aالمدونات القانونية - قانون
_950446
942 _2lcc
_cBK
999 _c25790
_d25790